00649nam 22001933 4500001000700000090001100007100004100018200007500059210005100134215002800185606003700213610001900250675002500269700002800294801001800322830002300340990001100363995008100374202611 a202611 a20260617d u||y0pory50 ba aOito séculos de poesia alemãeantologia comentadafOlívio Caeiro aLisboacFundação Calouste Gulbenkiand1983 a590 p.cbrochadod23 cm 95683aLiteratura AlemãxPoesia apoesia alemã a821.112.2-1vPTzpor 917549aCaeirobOlívio aPTbBMMNgRPC cFernandofFernando cLIVROS 002052026-06-17932398bBMMNf32113k821.112.2-1 CAE|DEPo0rLIVROSsOferta